[Event "23. Schweinfurt Open"]
[Site "Schweinfurt"]
[Date "2013.06.02"]
[Round "7.30"]
[White "Albert, Samuel"]
[Black "Raab, Franziska"]
[Result "0-1"]
[WhiteElo "1272"]
[BlackElo "813"]
[PlyCount "120"]
[EventDate "2013.05.30"]
[Source "SK SW 2000"]
[SourceDate "2013.06.02"]

1. d4 d5 2. c4 dxc4 3. e3 Be6 4. Nf3 Nf6 5. Qc2 Nc6 6. Bxc4 Bxc4 7. Qxc4 Qd5 8.
Qc2 e6 9. Nc3 Nb4 10. Qa4+ Qc6 11. Qxc6+ bxc6 12. O-O Nd3 13. Rd1 Nb4 14. a3
Nbd5 15. Re1 Nxc3 16. bxc3 Ne4 17. Bd2 Bd6 18. c4 c5 19. dxc5 Bxc5 20. Bb4 Bxb4
21. axb4 O-O 22. Red1 Nd6 23. c5 Nb5 24. Ra5 Rfb8 25. Ne5 Nc3 26. Rd7 Rxb4 27.
h3 Kf8 28. Rxf7+ Kg8 29. Rxc7 Rb1+ 30. Kh2 h6 31. Raxa7 Rxa7 32. Rxa7 Rc1 33.
c6 Nb5 34. Rb7 Nd6 35. Rd7 Nb5 36. Re7 Rc2 37. Kg3 g6 38. Rxe6 Kf8 39. f4 Rc3
40. Kf3 Nd4+ 41. Ke4 Nxe6 42. Nxg6+ Kf7 43. Ne5+ Ke7 44. g4 Kd6 45. Nf7+ Kxc6
46. Nxh6 Rc5 47. h4 Ng7 48. f5 Kd6 49. Kf4 Ke7 50. e4 Rc4 51. Kg5 Rxe4 52. f6+
Kf8 53. fxg7+ Kxg7 54. Nf5+ Kh7 55. h5 Re8 56. Kf4 Re1 57. g5 Rf1+ 58. Kg4 Kg8
59. h6 Kh7 60. Kh5 Rxf5 0-1

[Event "23. Schweinfurt Open"]
[Site "Schweinfurt"]
[Date "2013.06.02"]
[Round "7.31"]
[White "Engelbrecht, Klaus"]
[Black "Christ, Andreas"]
[Result "0-1"]
[WhiteElo "1247"]
[BlackElo "1397"]
[PlyCount "110"]
[EventDate "2013.05.30"]
[Source "SK SW 2000"]
[SourceDate "2013.06.02"]

1. d4 d5 2. c4 dxc4 3. e4 b5 4. Nf3 Bg4 5. Be2 e6 6. Ne5 Bxe2 7. Qxe2 Qxd4 8.
Nf3 Bb4+ 9. Kf1 Qd8 10. a3 Ba5 11. g3 a6 12. Kg2 h6 13. Rd1 Qe7 14. Ne5 Nf6 15.
Bd2 Bxd2 16. Rxd2 O-O 17. Nc3 Qc5 18. f4 Nc6 19. Nf3 Rfd8 20. Rad1 Ng4 21.
Rxd8+ Rxd8 22. Rxd8+ Nxd8 23. Nd1 Nf6 24. Nf2 Nc6 25. e5 Nd5 26. Ne4 Qe3 27.
Qc2 Qxf4 28. gxf4 Ne3+ 29. Kg3 Nxc2 30. Nc5 Nb8 31. Kf2 c3 32. bxc3 Nxa3 33.
Nd4 Nb1 34. Ne2 Nd2 35. Ke3 Nc4+ 36. Kd4 Kf8 37. Ng3 Nd2 38. f5 exf5 39. Nxf5
Nf3+ 40. Kd5 Nxh2 41. e6 fxe6+ 42. Nxe6+ Kf7 43. Nxc7 Kf6 44. Nd4 g5 45. Kc5 g4
46. Kb6 Nf3 47. Ne2 h5 48. Nxa6 Nxa6 49. Kxa6 h4 50. Kxb5 g3 51. Nf4 Kf5 52.
Ng2 h3 53. Ne3+ Ke4 54. Ng4 h2 55. Nf2+ gxf2 0-1

[Event "23. Schweinfurt Open"]
[Site "Schweinfurt"]
[Date "2013.06.02"]
[Round "7.32"]
[White "Foitzik, Lukas"]
[Black "Gerhard, Philipp"]
[Result "0-1"]
[WhiteElo "776"]
[BlackElo "841"]
[PlyCount "104"]
[EventDate "2013.05.30"]
[Source "SK SW 2000"]
[SourceDate "2013.06.02"]

1. e4 e5 2. Nf3 Nf6 3. Nc3 Nc6 4. Bc4 Bb4 5. O-O b6 6. d3 d6 7. h3 Nd4 8. Ng5
h6 9. Nxf7 Qe7 10. Nxh8 Bb7 11. Ng6 Qd7 12. Bd5 c6 13. Bb3 O-O-O 14. Nb1 Nxb3
15. cxb3 c5 16. a3 Ba5 17. Bd2 Bxd2 18. Qxd2 d5 19. Nxe5 Qe8 20. Ng4 dxe4 21.
Nxf6 gxf6 22. Re1 f5 23. f3 Qg6 24. Nc3 Rxd3 25. Qxd3 exd3 26. Rad1 f4 27. Ne2
dxe2 28. Rxe2 Bxf3 29. Kf1 Bxe2+ 30. Kxe2 Qxg2+ 31. Kd3 Qxh3+ 32. Kc2 f3 33.
Rd3 Qg2+ 34. Kc3 f2 35. b4 cxb4+ 36. Kxb4 f1=Q 37. Rc3+ Kd7 38. b3 a5+ 39. Ka4
h5 40. b4 axb4 41. axb4 b5+ 42. Ka5 h4 43. Rc5 h3 44. Rxb5 h2 45. Rh5 h1=Q 46.
Rxh1 Qfxh1 47. b5 Qa8+ 48. Kb4 Qhe4+ 49. Kc5 Qad5+ 50. Kb6 Qb4 51. Ka6 Qdxb5+
52. Ka7 Qb7# 0-1